000 01323cam a22003977a 4500
003 CHAP
005 20220817043711.0
008 000829d1999 it a rn 00110 spa d
010 _a82117
011 _a83089
020 _a9251043868
035 _a93597
040 _cCHAP
082 0 4 _a632.93
_bF3 v.154
110 2 _aFAO
245 1 0 _aGreenhouses and shelter structures for tropical regions
_c/by Christian von Zabeltitz and W.O. Baudoin
260 _aRome :
_bFAO,
_c1999.
300 _a122 p. :
_bilus.
490 0 _aFAO. Producción y protección vegetal
_v; 154
590 _aBATCH-UPD
_b10
_c20130110
_lUCH01
_h0423
590 _aBATCH-UPD
_b10
_c20130110
_lUCH01
_h2034
590 _aBATCH-UPD
_b10
_c20130410
_lUCH01
_h0058
590 _aBATCH-UPD
_b10
_c20130913
_lUCH01
_h2357
590 _aCONVERSION
_b10
_c20130109
_lUCH01
_h1346
650 1 4 _aAgricultura
_xTrópicos.
_91888
650 1 4 _aCultivos en invernadero.
_930376
650 1 4 _aCultivos tropicales.
_930383
650 1 4 _aInvernaderos.
_960172
700 0 _aBaudoin, W.O.
_910841
700 0 _aVon Zabeltitz, Christian.
_9120684
830 0 _aFAO. Producción y protección vegetal
_v; 154
_939654
901 _aBK
905 _aPatricia Mendoza P.
942 _cLIBRO
949 _a632.93 F3 v.154
_bBC
_cFAO
_d33724000786026
_eFAO1
_h98351
_i93597
_sb
999 _c82117
_d82117